000 00584nam a2200193Ia 4500
001 22162
003 GE_BSU
008 181216s||||||||xx |||||||||||||| ||und||
040 _cGE_BSU
245 _aТурбизнес=Travel trade russia №4 Апрель 2017.
245 _cГл.ред. Софья Константинова
260 _aМосква
260 _c2017
300 _a48 стр. 29см. илл.
653 _aПериодика
653 _aТурбизнес=Travel trade russia №4 Апрель 2017.
653 _aპერიოდიკა
942 _cCR
999 _c55087
_d55087